| 000 | 00624nam a22002053a 4500 | ||
|---|---|---|---|
| 005 | 20240209063629.0 | ||
| 008 | 010625s1997 ag r 000 0 spa d | ||
| 020 | _a9507012524 | ||
| 035 | _aUPN01000108936 | ||
| 049 | _aCG | ||
| 050 | 4 |
_aLB1028.3 _bR6.4 1997 |
|
| 100 | 1 |
_aRodríguez de Fraga, Abel _933743 |
|
| 245 | 1 | 0 |
_aEducación tecnológica : _b(se ofrece). Espacio en el aula : (se busca) / _cAbel Rodríguez de Fraga. |
| 250 | _a4a ed. | ||
| 260 |
_a[Buenos Aires] : _bAique : _bORT, _c1997. |
||
| 300 |
_a223 p. : _bil. |
||
| 440 | 0 | _aTransformación | |
| 650 | 4 |
_aEducación tecnológica _94854 |
|
| 905 | _aLibro | ||
| 999 |
_c82847 _d82847 |
||